000 00314nam a22001457a 4500
008 210311b ||||| |||| 00| 0 eng d
020 _a047704090X
041 _aeng
080 _a37
082 _a37
100 _a46
101 _aEDU
245 _aReading in Junior Classes
_cRenwick, W. L
942 _2udc
_cBK
999 _c56384
_d56384